| 000 | 00499nam a2200169Ia 4500 | ||
|---|---|---|---|
| 008 | 240729s9999 xx 000 0 und d | ||
| 022 | _a2356-1661 | ||
| 245 | 0 | _aJurnal Rekayasa Kimia & Lingkungan | |
| 260 | _aIndonesia | ||
| 260 | _bUniversitas Syiah Kuala, Chemical Engineering Department | ||
| 650 | _a Chemical engineering | ||
| 650 | _a Chemical technology | ||
| 650 | _aTechnology | ||
| 856 | _uhttps://doaj.org/toc/457d9eb6a9be455e90ecbffcb96f3b0c | ||
| 942 | _2ddc | ||
| 942 | _cDOAJEJ | ||
| 999 |
_c73573 _d73573 |
||
| 945 |
_a1 _bMadushi Gamage _c1 _dMadushi Gamage |
||